Syndróm vyhorenia u súčasných manažérov

Syndróm vyhorenia môže byť prítomný nielen u pracovníkov pomáhajúcich profesií, ako sa uvádzalo v minulosti, ale môže zasiahnuť aj pracovníkov iných profesií. Kvantitatívna štúdia zameraná na analýzu prítomnosti známok syndrómu vyhorenia u súčasných manažérov.

Saved in:
Bibliographic Details
Main Author: Newman, Denisa
Format: Book Chapter
Language:Slovak
Subjects:
Tags: Add Tag
No Tags, Be the first to tag this record!

MARC

LEADER 00000nla a2200000 4500
001 0211309
005 20240417075102.9
041 0 |a slo 
044 |a CZ 
245 1 0 |a Syndróm vyhorenia u súčasných manažérov  |c Denisa Newman 
520 |a Syndróm vyhorenia môže byť prítomný nielen u pracovníkov pomáhajúcich profesií, ako sa uvádzalo v minulosti, ale môže zasiahnuť aj pracovníkov iných profesií. Kvantitatívna štúdia zameraná na analýzu prítomnosti známok syndrómu vyhorenia u súčasných manažérov. 
610 2 0 |a manažéri 
610 2 0 |a sebariadenie 
610 2 0 |a organizácia času 
610 2 0 |a rozhodovanie manažérske 
610 2 0 |a stresy 
610 2 0 |a syndróm vyhorenia 
610 2 0 |a hygiena duševná 
100 1 |a Newman, Denisa